000 00570nam a2200241 a 4500
001 nice12345678
003 IN_TiNIC
005 20260116011455.0
008 050524s1950 lona grp 000 0 eng
020 _a
_c100
082 0 0 _a297.4
_bSM2
100 _aSmith, Margaret
245 _aReadings from the Mysticism of Islam
260 _aLondon
_bLuzac and Co.
_c1950
300 _a144p
500 _aincludes index and biblioraphy
505 2 _aIndex
650 _aSufism
700 1 _aSmith, Margaret
902 _bSRS
942 _cBK
999 _c1847
_d1847